00948nam a2200193 a 450000100100000000500170001000800410002704000250006808200150009324501520010826000600026030000200032059000260034071000710036671000860043771000350052395201790055899900170073700004292520241209090016.0130624s1989 dr r 000 0 spa d aDO-SdBNPbspacBNPHU axxxxbxxxx00aRepública Dominicana :bestimaciones y proyecciones de la población por zonas urbana y rural según años calendario, sexo y edad. 1980-2000. aSan José, Costa Rica :bONAPLANbIEPDbCELADE,c1989. a35 p. ;c28 cm. aInventariado, 2019/BT12aRepublica Dominicana.bOficina Nacional de Planificación.97039222aInstituto de Estudios de Población y Desarrollo (República Dominicana)97039322aCELADE (Organización)970394 0010718PDaPDbPDcHDd2014-02-13iLF1l0oxxxx xxxxp42925-10r2020-06-25w2020-06-25yLFPDzPerteneció a la biblioteca personal de la familia Reyes Duluc.ZNo se presta c42414d42414